000 00366 a2200121 4500
001 ART_12986
005 20260410161734.0
008 260409a
245 1 0 _aEn el comienzo de un largo camino
100 1 _aKrieger Vasena, Adalbert
700 1 _aPérez Llanta, Carlos
773 0 _tEjecutivos de finanzas
_g- Año 8, Nº 74 (abr. 1991)
_wREV2863
999 _c18174
_d18174